000
00283nam a2200145Ia 4500
100
_a
Bawra/Swati
650
_a
Physics
250
_a
7
942
_c
BK
245
_a
Engineering Physics I
260
_b
P.Jamnadas
_c
2020
082
_a
530
_b
BAW
546
_a
ENGLISH
999
_c
26395
_d
26395